MARC

LEADER 00000nam0a2200000 4500
001 300178
005 20231102001257.0
035 |a (RuTPU)RU\TPU\book\325331 
090 |a 300178 
100 |a 20150707d1979 k y0rusy50 ca 
101 0 |a rus 
102 |a RU 
105 |a a z 000zy 
200 1 |a Совершенствование структуры управления угольной промышленностью  |e по материалам ВНИИУуголь  |f Государственный проектно-конструкторский и научно-исследовательский институт по автоматизации угольной промышленности (Гипроуглеавтоматизация) 
210 |a Москва  |c [Б. и.]  |d 1979 
215 |a 138 с.  |c ил. 
225 1 |a Труды института  |v № 31 
606 1 |a Угольная промышленность, объединения  |x Управление  |x Математические методы  |x Сетевые методы  |2 stltpush  |3 (RuTPU)RU\TPU\subj\62560  |9 79630 
610 1 |a управление 
610 1 |a эффективность 
610 1 |a структуры 
610 1 |a математические методы 
610 1 |a технический контроль 
610 1 |a нормирование 
675 |a 622.333.012:658.5  |v 3 
712 0 2 |a Государственный проектно-конструкторский и научно-исследовательский институт по автоматизации угольной промышленности (Гипроуглеавтоматизация)  |c (Московская обл., Ильинский)  |2 stltpush  |3 (RuTPU)RU\TPU\col\21112 
801 1 |a RU  |b 63413507  |c 20150707 
801 2 |a RU  |b 63413507  |c 20190507  |g RCR 
942 |c BK